000 00466nam a2200193 a 4500
001 1769488318806
003 YourLibrary
005 20260128114523.0
008 260127s2006##################000#0#eng##
020 _a9781844570867
082 0 4 _a302.2345
100 1 _aCreeber, Glen,
_eauthor.
245 1 0 _aTele-visions :
260 _c2006.
300 _a208 pages
650 0 _aPerforming Arts.
942 _cENGLISH
040 _aYourLibrary
_beng
_cYourLibrary
999 _c609354
_d609354